ბათუმის შოთა რუსთაველის სახელმწიფო უნივერსიტეტის ბიბლიოთეკა

შენობების სანიტარულ-ტექნიკური მოწყობილობა : (ბიბ.ჩანაწერი № 38945)

000 -ლიდერი
ფიქსირებული სიგრძის საკონტროლო ველი 00988nam a2200217Ia 4500
001 - საკონტროლო ნომერი
საკონტროლო ველი 5382
003 - საკონტროლო ნომრის იდენტიფიკატორი
საკონტროლო ველი GE_BSU
005 - ბოლო ოპერაციის თარიღი და დრო
საკონტროლო ველი 20190516152527.0
008 - ფიქსირებული სიგრძის მონაცემთა ელემენტები - ზოგადი ინფორმაცია
ფიქსირებული სიგრძის საკონტროლო ველი 181216s1974||||ge |||||||||||||| ||geo||
040 ## - კატალოგიზაციის წყარო
Transcribing agency GE_BSU
041 ## - ენის კოდი
Language code of text/sound track or separate title geo
080 ## - უნივერსალური ათობითი კლასიფიკაციის ინდექსი
Universal Decimal Classification number 628(075.8) ქ-84
100 ## - მთავარი ჩანაწერი - პიროვნების სახელი
Personal name ქუთათელაძე, ქ.
9 (RLIN) 761
245 ## - ცნობა სათაურის შესახებ
Title შენობების სანიტარულ-ტექნიკური მოწყობილობა :
Remainder of title სახელმძღვ. /
Statement of responsibility, etc ქ. ქუთათელაძე ; რედ ჩ. გურგენიძე.
264 ## - წარმოების, გამოცემის, დისტრიბუციის და სხვა ცნობები
გამოცემის, წარმოების, დისტრიბუციის... ადგილი თბილისი :
გამოცემის, წარმოების, დისტრიბუციის... სახელწოდება განათლება,
გამოცემის, წარმოების, დისტრიბუციის... თარიღი 1974.
300 ## - ფიზიკური აღწერა
Extent 304 გვ. :
Other physical details ილ.;
Dimensions 27 სმ.
504 ## - BIBLIOGRAPHY, ETC. NOTE
Bibliography, etc ბიბლიოგრ. : გვ.299.
653 ## - INDEX TERM--UNCONTROLLED
Uncontrolled term შენობების სანიტარულ-ტექნიკური მოწყობილობა
700 ## - ADDED ENTRY--PERSONAL NAME
Personal name გურგენიძე, ჩ.
Relator term რედაქტორი
9 (RLIN) 1233
942 ## - ADDED ENTRY ELEMENTS (KOHA)
Koha item type წიგნი
Source of classification or shelving scheme
ეგზემპლარები
ჩამოწერის სტატუსი დაკარგული ეგზემპლარის სტატუსი კლასიფიკაციის წყარო ან თაროზე გაწყობის სქემა დაზიანების სტატუსი არ გაიცემა მუდმივი მდებარეობა (დაცვის ადგილი) ამჟამინდელი ადგილსამყოფელი თაროზე განთავსების ადგილი შეძენის თარიღი ღირებულება, შესყიდვის ნორმალური ფასი სრული შენახვის შიფრი შტრიხკოდი ბოლო ოპერაციის თარიღი ეგზემპლარის მიმდევრობითი ნომერი (კეტერი?) ფასის ძალაში შესვლის თარიღი ეგზემპლარის სახეობა საჯარო შენიშვნა
          ტექნოლოგიური ფაკულტეტის ბიბლიოთეკა ტექნოლოგიური ფაკულტეტის ბიბლიოთეკა წიგნსაცავი 2018-12-17 2.06 628(075.8) ქ-84 11872 2018-12-17 11872 2018-12-17 წიგნი 2.06 ლ.
          ტექნოლოგიური ფაკულტეტის ბიბლიოთეკა ტექნოლოგიური ფაკულტეტის ბიბლიოთეკა წიგნსაცავი 2018-12-17 2.06 628(075.8) ქ-84 11873 2018-12-17 11873 2018-12-17 წიგნი 0.06 ლ.
          ტექნოლოგიური ფაკულტეტის ბიბლიოთეკა ტექნოლოგიური ფაკულტეტის ბიბლიოთეკა წიგნსაცავი 2018-12-17 2.06 628(075.8) ქ-84 11874 2018-12-17 11874 2018-12-17 წიგნი 2.06 ლ.
          ტექნოლოგიური ფაკულტეტის ბიბლიოთეკა ტექნოლოგიური ფაკულტეტის ბიბლიოთეკა წიგნსაცავი 2018-12-17 2.06 628(075.8) ქ-84 11875 2018-12-17 11875 2018-12-17 წიგნი 2.06 ლ.
          ტექნოლოგიური ფაკულტეტის ბიბლიოთეკა ტექნოლოგიური ფაკულტეტის ბიბლიოთეკა წიგნსაცავი 2018-12-17 2.06 628(075.8) ქ-84 11876 2018-12-17 11876 2018-12-17 წიგნი 2.06 ლ.